| 000 | 01949nam a2200313 i 4500 | ||
|---|---|---|---|
| 001 | 000020469 | ||
| 003 | DO-SdBNP | ||
| 005 | 20250717143447.0 | ||
| 007 | ta | ||
| 008 | 100813s2016 dr 000 j spa d | ||
| 020 | _z9789945588712 | ||
| 040 |
_aDO-SdBNP _bspa _cBNPHU _erda |
||
| 041 | _aspa | ||
| 082 |
_aRD863.44 _bA347e _222 |
||
| 100 | 1 |
_aAlcántara Almánzar, José _d1946- _eautor _4aut. _97018 |
|
| 245 | 1 | 0 |
_aEspejos de agua : _bcuentos escogidos / _cJosé Alcántara Almánzar. |
| 264 | 4 |
_aSanto Domingo, República Dominicana : _bEdiciones Ferilibro, _c2016. |
|
| 300 |
_a310 páginas ; _c23 cm. |
||
| 336 |
_atexto _btxt _2rdacontent |
||
| 337 |
_asin mediación _bn _2rdamedia |
||
| 338 |
_avolumen _bnc _2rdacarrier |
||
| 500 | _aIncluye datos biográficos del autor en la solapa de la cubierta. | ||
| 505 | _aPrólogo, 11.-- José Alcántara Almánzar y las revelaciones del cuento / Manuel Rueda, 15.-- De Viaje al otro mundo (1973). La muchacha que conocí en Guadeloupe, 21.-- Rumbo al mar, , 39.-- La prueba, 45.-- Viaje al otro mundo, 55.-- De Callejón sin salida (1975). El regreso, 71.-- Enigma, 89.-- Noche de luna gris, 97.-- La insólita Irene, 109.-- De Testimonios y profanaciones (1978). Crónica trivial de una fiesta íntima, 119.-- Viñetas, 147.-- Con papá en casa de Madame Sophie, 157.-- De Las máscaras de la seducción (1983). La reina y su secreto, 175.-- Lulú o la metamorfosis, 185.-- Divertimentos, 197.-- Viajeros, 199.-- El muertico, 209.-- Ruidos, 219.-- Él y ella al final de una tarde, 229.-- De La carne estremecida (1989). El zurdo, 239.-- La obsesión de Eva, 253.-- En carne viva, 265.-- Escapes, 273.-- Tentaciones, 279.-- Visiones al amanecer, 289.-- Como una noche con las piernas abiertas, 297. | ||
| 590 | _aInventariado, 2019 / DG | ||
| 650 | 0 |
_aCuentos dominicanos _9176 |
|
| 650 | 0 |
_aLiteratura dominicana. _967 |
|
| 910 | _aValidado. Control de calidad MFF | ||
| 942 |
_2ddc _cLBS1 |
||
| 999 |
_c19973 _d19973 |
||